| 000 | 00603nam a2200181 i 4500 | ||
|---|---|---|---|
| 001 | 67868 | ||
| 003 | ES-MaACL | ||
| 005 | 20230906170149.0 | ||
| 007 | t| | ||
| 008 | 040216s1901 sp ||||1| spa d | ||
| 100 | 1 |
_aGallego Armesto, Heliodoro. _953550 |
|
| 245 | 1 | 0 |
_aEstudio analítico-experimental de la inducción y auto-inducción magneto-eléctricas / _cpor Heliodoro Gallego Armesto. |
| 260 |
_aMadrid : _bEst. Tip. de A. Marzo, _c1901. |
||
| 300 |
_a70 p. : _bil. ; _c23 cm. |
||
| 500 | _aTésis doctoral. | ||
| 650 | 4 |
_aInducción electromagnética. _9158371 |
|
| 852 |
_aES-MaACL _jT-1163-F-4 |
||
| 999 |
_c67868 _d67868 |
||